عرض عادي
عرض مارك
- Gupta, C. B
مدخل إسم شخص
001 - رقم الضبط
- حقل الضبط: 17838
003 - معرف رقم الضبط
- حقل الضبط: OSt
005 - تاريخ ووقت أخر عملية
- حقل الضبط: 20121130204038.0
008 - عناصر بيانات ثابتة الطول
- حقل تحكم ثابت الطول: 121130|||a|||||| | ||| d
040 ## - مصدر الفهرسة
- هيئة الفهرسة الأصلية: OSt
- وكالة الكتابة: OSt
100 ## - مدخل -- أسم شخص
- إسم شخص: Gupta, C. B
670 ## - بيانات المصدر موجوده
- الاستشهاد بالمصدر: Work cat.: (OSt)0: Gupta, C. B, Optimization techniques in operations research /, Gupta, C. B
